000
00264nam a2200109Ia 4500
001
587573
005
20250717113818.0
008
250717s9999 xx 000 0 und d
245
0
_a
W-1 HASTAYIM
_c
ERIKA BARTOS
260
_b
YAPI KREDİ YAYINLARI
_c
2020
300
_b
19
999
_c
587573
_d
587573